000 00594ntaaa2200205 4500
003 01
005 20251027201219.0
008 0714s1973 ag 01
020 _a0802805477
040 _aAR-BaBN
_bspa
_cAR-BaBN
_eaacr
_dRIC
082 _a220.7 N42n v.13
100 _aProvan, Iain W.
_910079
245 _aLamentations /
_cIain W. Provan
250 _a1 ed.
260 _aGrand Rapids :
_bEerdmans,
_c1991
300 _axviii, 142 p. ;
_c21 cm.
500 _aContiene referencias bibliográficas, bibliografía e indice.
650 _aBiblia Comentarios - Lamentaciones
_910080
942 _cBK
999 _c6431
_d6431